| 000 | 00739nam a22001575i 4500 | ||
|---|---|---|---|
| 001 | 171301 | ||
| 003 | ES-MaACL | ||
| 005 | 20251114063124.0 | ||
| 008 | 090508s1849 sp |||| | spa d | ||
| 100 | 1 |
_aDíaz, José María, _d1800-1888 _9139671 |
|
| 245 | 1 | 0 |
_aUltimas horas de un rey _b: drama histórico original en tres actos / _csu autor José María Diaz. |
| 260 |
_aMadrid : _b[Círculo Literario Comercial], _c1849 ( _fImp. S. Omaña) |
||
| 300 |
_a63 p. ; _c18 cm. |
||
| 852 |
_aES-MaACL _jF-8599(9) _z.- Enc. pasta española _q.- Falto de la cub. original _z.- Enc. en un vol. facticio formando parte de la col. facticia "Teatro español moderno", vol. 52 _z.- Dedicatoria manuscrita del autor |
||
| 999 |
_c171301 _d171301 |
||